000 00838cam a2200253 4500
001 ABS62982
008 000000n2000 000 0 eng u
035 _a(Sirsi) u109157
100 _aLander, G.
245 _aSpecial report 2000: Midtown
260 _c2000
490 _aEstates Gazette
_v(0043) 28 October 2000, 143-151(5)
520 _aSpecial report on Midtown's office, retail and leisure markets. Tables and graphs.
590 _aABS
650 _aMIDTOWN
650 _aHOLBORN
650 _aLONDON
650 _aPROPERTY-COMMERCIAL PROPERTY-OFFICE PROPERTY-OFFICE PROPERTY MARKET
650 _aPROPERTY-COMMERCIAL PROPERTY-RETAIL PROPERTY-RETAIL PROPERTY MARKET
650 _aSERVICED APARTMENTS
650 _aLEISURE MARKET
690 _aPROPERTY-COMMERCIAL PROPERTY-COMMERCIAL PROPERTY MARKET
942 _n0
999 _c65174
_d65174